[Event "Cappelle op"]
[Site "Cappelle la Grande"]
[Date "1995.??.??"]
[Round "7"]
[White "McNab, Colin Anderson"]
[Black "Riff, Sebastien"]
[Result "1/2-1/2"]
[WhiteElo "2475"]
[BlackElo "2180"]

1.c4 Nf6 2.Nf3 g6 3.g3 Bg7 4.Bg2 d6 5.d4 O-O 6.O-O Nbd7 7.Qc2 e5 8.Rd1 Qe7
9.Nc3 c6 10.d5 cxd5 11.cxd5 Nc5 12.e4 a5 13.Nd2 Bd7 14.Nc4 Ra6 15.a4 Rc8
16.b3 Ne8 17.Bd2 f5 18.f3 Nf6 19.Nb5 Ne8 20.Rac1 b6 21.Qb1 Rb8 22.Nca3 Rb7
23.Rc3 Nc7 24.Bf1 Ra8 25.Nxc7 Rxc7 26.Nb5 Rcc8 27.Re1 Rf8 28.exf5 gxf5 29.Rc4 Qf6
30.f4 e4 31.Bc3 Qg6 32.Bxg7 Kxg7 33.Qb2+ Kf7 34.Nd4 h5 35.Re3 Rh8 36.Rc2 Rag8
37.Rg2 Qh6 38.h4 Qf6 39.Bc4 Rc8 40.Be2 Kg6 41.Bf1 Rc7 42.Rd2 Rhc8 43.Kh2 Kf7
44.Be2 Kg6 45.Qa1 Kh6 46.Qa3 Kg6 47.Qb2  1/2-1/2

[Event "Cappelle op"]
[Site "Cappelle la Grande"]
[Date "1995.??.??"]
[Round "9"]
[White "Volodin, Viktor"]
[Black "Nicoara Etchegaray, Malina"]
[Result "1/2-1/2"]
[WhiteElo "2340"]
[BlackElo "2130"]

1.Nf3 Nf6 2.c4 g6 3.d4 Bg7 4.g3 O-O 5.Bg2 d6 6.O-O Nbd7 7.Nc3 e5 8.e4 c6
9.h3 Qb6 10.Re1 exd4 11.Nxd4 Ne8 12.Nb3  1/2-1/2

[Event "Cappelle op"]
[Site "Cappelle la Grande"]
[Date "1995.??.??"]
[Round "9"]
[White "Mastrokoukos, Georgios"]
[Black "Scetinin, Alexander"]
[Result "1/2-1/2"]
[WhiteElo "2425"]
[BlackElo "2315"]

1.Nf3 Nf6 2.g3 g6 3.d4 Bg7 4.c4 O-O 5.Bg2 d6 6.O-O Nc6 7.Nc3 a6 8.d5 Na5
9.Nd2 c5 10.Qc2 b5 11.cxb5 axb5 12.Nxb5 Ba6 13.Nc3 Nd7 14.Re1 Qb6 15.Rb1 Rfb8
16.b3 Qb4 17.Nce4 Bc8 18.a3 Qb5 19.b4 cxb4 20.axb4 Nb7 21.Nc4 Qa4 22.Qxa4 Rxa4
23.Bd2 Nd8 24.Na5 Bb7 25.Nxb7 Rxb7 26.Rec1 Ra8 27.Rc2 Kf8 28.Rbc1 Nb6 29.h4 h6
30.Be1 Rba7 31.Nd2 Ra2 32.Kf1 Rxc2 33.Rxc2 Ra1 34.e3 Na4 35.Rc8 Ke8 36.Nb3 Rb1
37.Nd4 Bxd4 38.exd4 Kd7 39.Ra8 Nc3 40.Ra7+ Ke8 41.Ra3 Nb5 42.Rd3 Kd7 43.Bf3 e6
44.dxe6+ Nxe6 45.d5 Ned4 46.Bd1 Rc1 47.Ba4 Kc7 48.Bxb5 Nxb5 49.Rf3 f5 50.Rd3 h5
51.Ke2 Rc4 52.Bd2 Kd7 53.Kf1 Nc7 54.Kg2 Re4 55.Kf3 Rc4 56.Be1 Re4 57.Rd1 Nb5
58.Ra1 Nc7 59.Rd1 Nb5 60.Kg2 Re5 61.Kf1 Nc7 62.Bc3 Rxd5 63.Rxd5 Nxd5 64.Bd2 Kc6
65.Ke2 Nc7 66.Kd3  1/2-1/2

[Event "Ceske Budejovice op"]
[Site "Ceske Budejovice"]
[Date "1995.??.??"]
[Round "2"]
[White "Matlak, Marek"]
[Black "Grilc, Simon"]
[Result "1-0"]
[WhiteElo "2435"]
[BlackElo "2285"]

1.d4 d6 2.Nf3 Nf6 3.c4 g6 4.g3 Bg7 5.Bg2 O-O 6.O-O c5 7.b3 cxd4 8.Nxd4 Qb6
9.Bb2 Nc6 10.Nc2 Qa5 11.Nc3 Nd7 12.Qd2 Qh5 13.Ne3 Nc5 14.Ncd5 e5 15.Nc7 Nd4
16.Nxa8 Bh3 17.Bxh3 Qxh3 18.Nc7 Ne4 19.Qd3 Ng5 20.Bxd4  1-0

[Event "Ceske Budejovice op"]
[Site "Ceske Budejovice"]
[Date "1995.??.??"]
[Round "2"]
[White "Jaworski, Miroslaw"]
[Black "Tupy, Martin"]
[Result "1/2-1/2"]
[WhiteElo "2360"]
[BlackElo "2195"]

1.d4 Nf6 2.Nf3 g6 3.c4 Bg7 4.g3 O-O 5.Bg2 d6 6.O-O Nbd7 7.Nc3 e5 8.e4 c6
9.b3 exd4 10.Nxd4 Re8 11.Be3 Nc5 12.Qc2 Qe7 13.Rfe1 Bd7 14.f3 Nh5 15.g4 Nf4
16.Rad1 Be5 17.Nde2 Nce6 18.Qd2 Qf6 19.Nxf4 Nxf4 20.Ne2 g5 21.Nxf4 gxf4 22.Bd4 Be6
23.Bf1  1/2-1/2

[Event "Ceske Budejovice op"]
[Site "Ceske Budejovice"]
[Date "1995.??.??"]
[Round "8"]
[White "Jaworski, Miroslaw"]
[Black "Voitsekhovsky, Stanislav"]
[Result "1/2-1/2"]
[WhiteElo "2360"]
[BlackElo "2500"]

1.d4 Nf6 2.Nf3 g6 3.c4 Bg7 4.g3 O-O 5.Bg2 d6 6.O-O Nbd7 7.Nc3 e5 8.e4 c6
9.h3 Qb6 10.c5 dxc5 11.dxe5 Ne8 12.e6 fxe6 13.Ng5 Nc7 14.f4 e5 15.f5 Nf6
16.g4 Qb4 17.Qe1 b6 18.a3 Qd4+ 19.Be3 Qd8 20.Rd1 Qe8 21.Qh4 Ba6 22.Rf2 Rd8
23.Rxd8 Qxd8 24.Rd2 Qe8 25.a4 h6 26.Nf3 g5 27.Qg3 Nh7 28.h4 Qe7 29.hxg5 hxg5
30.Qh2  1/2-1/2

[Event "Ceuta"]
[Site "Ceuta"]
[Date "1995.??.??"]
[Round "2"]
[White "Komljenovic, Davor"]
[Black "Custodio, Rafael"]
[Result "1-0"]
[WhiteElo "2465"]
[BlackElo "2210"]

1.d4 Nf6 2.Nf3 g6 3.c4 Bg7 4.g3 O-O 5.Bg2 d6 6.O-O Nbd7 7.Nc3 e5 8.e4 c6
9.b3 a5 10.Re1 Re8 11.h3 exd4 12.Nxd4 Ne5 13.Rb1 Nfd7 14.Be3 Nc5 15.Re2 Qc7
16.f4 Ned7 17.Bf2 Nf8 18.Qd2 Nfe6 19.Rd1 Bf8 20.Nf3 Nd7 21.Kh2 Nec5 22.Ree1 h5
23.Nd4 Bh6 24.Kg1 Ne5 25.Qe2 Ned7 26.Be3 Bg7 27.Qc2 Nf6 28.Bf2 Ne6 29.Na4 Nc5
30.Nxc5 dxc5 31.Nf3 b6 32.Ne5 Be6 33.Nxc6 Bxh3 34.Bxh3 Qxc6 35.e5 Ng4 36.Bg2 Qc8
37.Bxa8 Qxa8 38.Qe4 Qc8 39.Rd6 h4 40.Qc6 Qf5 41.Qxe8+ Kh7 42.Qd7 Qh5  1-0

[Event "Copenhagen K41"]
[Site "Copenhagen"]
[Date "1995.??.??"]
[Round "1"]
[White "Danielsen, Henrik"]
[Black "Mortensen, Erling"]
[Result "1-0"]
[WhiteElo "2430"]
[BlackElo "2500"]

1.d4 Nf6 2.Nf3 g6 3.g3 Bg7 4.Bg2 O-O 5.c4 d6 6.Nc3 Nbd7 7.O-O e5 8.e4 exd4
9.Nxd4 Re8 10.h3 Nc5 11.Re1 Bd7 12.Rb1 h6 13.Kh2 a6 14.b4 Ne6 15.Be3 Ng5
16.f3 Qc8 17.h4 Ne6 18.Qd2 Kh7 19.Nb3 Nd8 20.Nd5 Nxd5 21.cxd5 f6 22.Rbc1 Nf7
23.Bb6 c6 24.Na5 Qb8 25.f4 g5 26.Qf2 gxh4 27.gxh4 cxd5 28.Rc7 Re7 29.exd5 Qe8
30.Rxe7 Qxe7 31.Bh3 Ne5 32.fxe5 Qxe5+ 33.Qg3 Qe2+ 34.Bf2  1-0

[Event "Copenhagen3"]
[Site "Copenhagen"]
[Date "1995.??.??"]
[Round "2"]
[White "Whiteley, Andrew J"]
[Black "Aagaard, Jacob"]
[Result "1-0"]
[WhiteElo "2375"]
[BlackElo "2255"]

1.d4 Nf6 2.c4 g6 3.Nf3 Bg7 4.g3 O-O 5.Bg2 d6 6.O-O Nbd7 7.Nc3 e5 8.e4 c6
9.h3 Qa5 10.Qc2 exd4 11.Nxd4 Qc5 12.Nce2 b5 13.cxb5 cxb5 14.e5 dxe5 15.Bxa8 exd4
16.Qxc5 Nxc5 17.Nxd4 Bxh3 18.Bg2 Bxg2 19.Kxg2 a6 20.Nb3 Na4 21.Rd1 Rc8 22.Rd6 h5
23.Rxa6 Ng4 24.Rd6 Nxb2 25.Bxb2 Bxb2 26.Rad1 Rc4 27.Rb6 b4 28.Rd2 Bc3 29.Re2 Nf6
30.Re7 Nd5 31.Rb8+ Kg7 32.Rd7 Nf6 33.Ra7 h4 34.Rbb7 hxg3 35.Rxf7+ Kh6 36.Kxg3 Be5+
37.Kg2 Rc2 38.Ra5 Bc3 39.Ra6 Ne4 40.Rf4 Ng5 41.Nd4 Rb2 42.Nf5+ Kh7 43.Rh4+ Kg8
44.Rxg6+ Kf8 45.Rxg5 Bf6 46.Rgg4 Bxh4 47.Rxh4 Rxa2 48.Rxb4 Kf7 49.Kg3 Kf6
50.Ne3 Ra5 51.f4 Ra3 52.Rb6+ Kf7 53.Kf3 Rc3 54.f5 Ra3 55.Kf4 Ra1 56.Rb7+ Kf8
57.Nd5 Ra5 58.Ke5 Ra1 59.Kf6 Ra6+ 60.Rb6 Ra8 61.Nc7 Rc8 62.Na6 Ra8 63.Rb8+  1-0

[Event "Copenhagen3"]
[Site "Copenhagen"]
[Date "1995.??.??"]
[Round "4"]
[White "Whiteley, Andrew J"]
[Black "Olesen, Martin"]
[Result "0-1"]
[WhiteElo "2375"]
[BlackElo "2355"]

1.d4 Nf6 2.c4 g6 3.Nf3 Bg7 4.g3 O-O 5.Bg2 d6 6.O-O c6 7.Nc3 Qa5 8.h3 Be6
9.d5 cxd5 10.Nd4 dxc4 11.Nxe6 fxe6 12.Bxb7 Nbd7 13.Bxa8 Rxa8 14.Bd2 Qf5 15.h4 Qh3
16.f3 Qxg3+ 17.Kh1 Ng4 18.Bf4 Nf2+ 19.Rxf2 Qxf2 20.Bg5 Be5  0-1

[Event "Copenhagen op2"]
[Site "Copenhagen"]
[Date "1995.??.??"]
[Round "5"]
[White "Stojanovski, Sandi"]
[Black "Bekker Jensen, Simon"]
[Result "0-1"]
[WhiteElo "2190"]
[BlackElo "2245"]

1.d4 Nf6 2.Nf3 g6 3.c4 Bg7 4.g3 d6 5.Bg2 O-O 6.Nc3 Nbd7 7.O-O e5 8.e4 exd4
9.Nxd4 Re8 10.h3 a6 11.Re1 Rb8 12.Kh2 Ne5 13.b3 c5 14.Nde2 b5 15.cxb5 axb5
16.a4 Bxh3 17.Bxh3 Nf3+ 18.Kg2 Nxe1+ 19.Qxe1 Nxe4 20.Nxe4 Rxe4 21.Ra2 bxa4
22.bxa4 d5 23.Kh2 d4 24.Bg2 Re8 25.Qd2 c4 26.a5 d3 27.Nc3 Rb3 28.Bb2 Rxc3
29.Bxc3 Re2 30.a6 Bxc3 31.Qxc3 Rxa2 32.Qxc4 Ra5 33.Bf3 d2 34.Kg2 h6 35.Qc6 d1=Q
36.Bxd1 Qxd1 37.Qc8+ Kh7 38.Qb7 Qd5+  0-1

[Event "Copenhagen op17"]
[Site "Copenhagen"]
[Date "1995.??.??"]
[Round "9"]
[White "Jelling, Erik"]
[Black "Borge, Nikolaj"]
[Result "0-1"]
[WhiteElo "2415"]
[BlackElo "2405"]

1.d4 Nf6 2.c4 g6 3.Nf3 Bg7 4.g3 O-O 5.Bg2 d6 6.O-O Nbd7 7.Nc3 e5 8.e4 exd4
9.Nxd4 Re8 10.h3 a6 11.Rb1 Rb8 12.Re1 c5 13.Nc2 b5 14.Qxd6 b4 15.Nd5 Nxd5
16.Qxd5 Qa5 17.Bf4 Ne5 18.Bxe5 Bxe5 19.f4 Bb7 20.Qd3 Rbd8 21.Qe2 b3 22.axb3 Rd2
23.Qf1 Rxc2 24.fxe5 Rd8 25.Rbd1 Rdd2 26.Rxd2 Qxd2 27.Kh1 Bxe4 28.Rxe4 Rc1
29.Rf4 Rxf1+ 30.Rxf1 Qe2 31.Rf4 Qe1+ 32.Kh2 Qxe5 33.Bd5 Qxb2+ 34.Kh1 Qxb3
35.Rxf7 Kh8 36.Kg2 a5 37.g4 g5 38.Rf8+ Kg7 39.Rf7+ Kg6 40.Rf5 Qb2+ 41.Rf2 Qe5
42.Bc6 Qa1  0-1

[Event "ESP-chT"]
[Site "Cordoba"]
[Date "1995.??.??"]
[Round "3"]
[White "Bernal Moro, Luis Javier"]
[Black "Gallego, Victoriano"]
[Result "0-1"]
[WhiteElo "2400"]
[BlackElo "2355"]

1.d4 Nf6 2.c4 g6 3.Nf3 Bg7 4.g3 O-O 5.Bg2 d6 6.O-O c5 7.Nc3 Nc6 8.d5 Na5
9.Nd2 e6 10.Qc2 exd5 11.cxd5 Rb8 12.b3 b5 13.Bb2 b4 14.Nd1 Ba6 15.Nc4 Nxc4
16.bxc4 Ne8 17.e4 f5 18.exf5 gxf5 19.Bh3 Bc8 20.f4 Bd7 21.Ne3 Bxb2 22.Qxb2 Qf6
23.Qc2 Ng7 24.Rae1 Rbe8 25.Ng2 Rxe1 26.Rxe1 Re8 27.Rxe8+ Nxe8 28.Nh4 Ng7
29.Nf3 a5 30.Bf1 a4 31.Bd3 h6 32.Kf2 Kf7 33.Ke2 Ke7 34.Kd1 Kd8 35.Kc1 a3
36.Kd2 Kc7 37.Qb3 Kb6 38.Bc2 Qa1 39.Ne1 Ne8 40.Bd1 Nf6 41.Bc2 Ne4+ 42.Bxe4 fxe4
43.Nc2 Qb2 44.f5 Ka5 45.f6 Ba4  0-1

[Event "ESP-chT"]
[Site "Cordoba"]
[Date "1995.??.??"]
[Round "6"]
[White "Garcia Ilundain, David"]
[Black "Garcia Luque, Agustin"]
[Result "1/2-1/2"]
[WhiteElo "2510"]
[BlackElo "2360"]

1.d4 Nf6 2.c4 g6 3.g3 Bg7 4.Bg2 O-O 5.Nf3 d6 6.O-O Nc6 7.Nc3 a6 8.h3 Rb8
9.Bg5 Bd7 10.Rc1 h6 11.Be3 e5 12.dxe5 dxe5 13.Kh2 Re8 14.Qb3 Na5 15.Qb4 Nc6
16.Qb3 Na5 17.Qb4 Nc6  1/2-1/2

[Event "ESP-chT"]
[Site "Cordoba"]
[Date "1995.??.??"]
[Round "6"]
[White "Miguel, Victor"]
[Black "Fernandez Lopez, Felix"]
[Result "1-0"]
[WhiteElo "2275"]
[BlackElo "2140"]

1.Nf3 d6 2.d4 Nf6 3.g3 g6 4.Bg2 Bg7 5.c4 O-O 6.Nc3 Nbd7 7.O-O e5 8.e4 h6
9.h3 c6 10.Be3 exd4 11.Nxd4 Re8 12.Qd2 Kh7 13.Rad1 Qe7 14.Nc2 Bf8 15.Rfe1 Nb6
16.b3 Be6 17.a4 Rad8 18.f4 Qc7 19.Qf2 Bg7 20.f5 Bc8 21.c5 dxc5 22.Bf4 Qe7
23.e5 Rxd1 24.Rxd1 Bxf5 25.exf6 Qxf6 26.Nb1 Qb2 27.Nba3 Qxb3 28.Qxc5 Nxa4
29.Qf2 Nc3 30.Rd2 Ne4 31.Bxe4 Bxe4 32.Qe3 Qa2 33.Qxa7 b5 34.Qd7 Ra8 35.Bd6 Qb2
36.Bc5 Qc1+ 37.Rd1 Qg5 38.Bf2 Qh5 39.Kh2 Qf3 40.Rg1 Rxa3 41.Nxa3 Qxa3 42.Qxf7 Bd5
43.Qf4 b4 44.Rd1 b3 45.Bd4 Qb2+ 46.Rd2 Qb1 47.g4 Qh1+ 48.Kg3 Qe1+ 49.Qf2 Qxf2+
50.Kxf2 Bf8 51.Ke3 g5 52.Kd3 Kg8 53.Rf2 Be7 54.Kc3 Ba3 55.Kd3 Bf7 56.Rf6 b2
57.Kc2 Bd5 58.Bxb2 Bxb2 59.Kxb2 Kg7 60.Rf2 Kg6 61.Kc3 Kg7 62.Kd4 Kg6 63.Ke5 Bh1
64.Rh2 Bf3 65.Rd2 Bd5 66.Rd3 Bg2 67.Rd6+ Kg7 68.Kf5 Bxh3 69.Rd7+ Kf8 70.Rh7 c5
71.Rxh6 Bg2 72.Kf6 Ke8 73.Rg6 Kd7 74.Ke5 c4 75.Rxg5 Bf1 76.Rg7+ Kc6 77.Kd4 Kd6
78.Rg6+ Ke7 79.g5 Be2 80.Rf6 Bd3 81.Ke5 c3 82.Rc6 Kf7 83.Rxc3 Bb1 84.Rc6 Kg7
85.Rd6 Bc2 86.Kf4 Bb1 87.Kg4 Be4 88.Re6 Bc2 89.Rc6 Bd3 90.Rc3 Be4 91.Rc7+ Kg6
92.Kf4 Bb1 93.Rc6+ Kg7 94.Kg4 Bd3 95.Re6 Bc4 96.Re4 Bb3 97.Rd4 Bc2 98.Rd6 Be4
99.Rd2 Bb1 100.Kf4 Kg6 101.Rb2 Bd3 102.Rd2 Bb1 103.Kg4 Kg7 104.Rd7+ Kg6 105.Rd6+ Kg7
106.Kh5  1-0

[Event "ESP-chT"]
[Site "Cordoba"]
[Date "1995.??.??"]
[Round "6"]
[White "Calvo, Jesus Maria"]
[Black "Bernal Moro, Luis Javier"]
[Result "0-1"]
[WhiteElo "2295"]
[BlackElo "2400"]

1.d4 Nf6 2.Nf3 g6 3.c4 Bg7 4.g3 O-O 5.Bg2 d6 6.Nc3 Nbd7 7.O-O e5 8.e4 c6
9.h3 exd4 10.Nxd4 Qb6 11.Rb1 Qb4 12.Re1 Qxc4 13.Be3 Ne8 14.Rc1 Qa6 15.b4 Ne5
16.Bf1 Nc4 17.Bxc4 Qxc4 18.Nd5 Qxa2 19.Re2 Qa6 20.Ra1 Qc4 21.Rc2 cxd5 22.Rxc4 dxc4
23.Kg2 Nf6 24.f3 Bd7 25.Ne2 d5 26.e5 Ne8 27.Qxd5 Bc6 28.Qxc4 Nd6 29.Qf4 Rfe8
30.Bd4 Nf5 31.Bc3 Bh6 32.b5 Bxf4 33.bxc6 Bxe5 34.cxb7 Rab8 35.Rxa7 Bc7 36.Nf4 Bb6
37.Ra6 Rxb7 38.Nd5 Bd8 39.Ra8 Kf8 40.g4 Nd6 41.Bb4 Be7 42.Ra6 Rxb4 43.Nxb4 Kg7
44.Nd5 Bf8 45.g5 Re5  0-1

[Event "Coria op"]
[Site "Coria"]
[Date "1995.??.??"]
[Round "5"]
[White "Komljenovic, Davor"]
[Black "Rodriguez Talavera, Juan Carlos"]
[Result "1-0"]
[WhiteElo "2465"]
[BlackElo "2420"]

1.d4 Nf6 2.Nf3 g6 3.c4 Bg7 4.g3 O-O 5.Bg2 d6 6.O-O Nbd7 7.Nc3 c6 8.e4 e5
9.b3 exd4 10.Nxd4 Re8 11.h3 Nc5 12.Re1 d5 13.exd5 Rxe1+ 14.Qxe1 cxd5 15.cxd5 Nxd5
16.Nxd5 Bxd4 17.Be3 Nd3 18.Qd1 Bg7 19.Rb1 Ne5 20.Nb6 Qxd1+ 21.Rxd1 axb6 22.Rd8+ Bf8
23.Bh6 Nd7 24.Bf1 Ra5 25.Rxc8 Rh5 26.Be3 Rd5 27.Bc4 Rd1+ 28.Kg2 Kg7 29.Be2 Re1
30.Bd4+ Nf6 31.Bc4 Bc5 32.Bxc5 bxc5 33.Rc7 b5 34.Rxf7+ Kh6 35.Bxb5 Nd5 36.h4 Ra1
37.Bc4 Nb6 38.Bd3 Rxa2 39.g4 Rd2 40.g5+ Kh5 41.Rxh7+ Kg4 42.Bxg6 Nd5 43.Bh5+ Kxh4
44.Bf3+  1-0

[Event "Crailsheim op 1st"]
[Site "Crailsheim"]
[Date "1995.??.??"]
[Round "?"]
[White "Coder, Thorsten"]
[Black "Bretschneider, Christian"]
[Result "1/2-1/2"]
[WhiteElo "1860"]
[BlackElo "1660"]

1.d4 Nf6 2.Nf3 g6 3.g3 Bg7 4.Bg2 O-O 5.c4 d6 6.O-O Nbd7 7.Nc3 e5 8.dxe5 Nxe5
9.Nxe5 dxe5 10.Qc2 c6 11.b3 Qc7 12.Ba3 Rd8 13.Rad1 Be6 14.Bb2 Rxd1 15.Rxd1 Rd8  1/2-1/2

[Event "CZE-chT 9495"]
[Site "?"]
[Date "1995.??.??"]
[Round "5"]
[White "Konopka, Michal"]
[Black "Oral, Tomas"]
[Result "1-0"]
[WhiteElo "2395"]
[BlackElo "2405"]

1.d4 Nf6 2.Nf3 g6 3.g3 Bg7 4.Bg2 O-O 5.c4 d6 6.O-O Nc6 7.Nc3 a6 8.b3 Rb8
9.Nd5 Ne4 10.Bb2 f5 11.e3 e6 12.Nc3 Nxc3 13.Bxc3 Ne7 14.Qe2 h6 15.Rad1 g5
16.Ne1 Bd7 17.Nd3 Ng6 18.f4 Qe8 19.fxg5 hxg5 20.Qh5 g4 21.e4 Nh8 22.Nf4 Qxh5
23.Nxh5 Ng6 24.Nxg7 Kxg7 25.exf5 exf5 26.Rde1 b6 27.c5 a5 28.h3 gxh3 29.Bxh3 d5
30.Bg2 Rbd8 31.cxb6 cxb6 32.Bxd5 Bb5 33.Bc4 Bxc4 34.bxc4 Rc8 35.c5 Kh7 36.Kg2 bxc5
37.d5 Rce8 38.Rh1+ Kg8 39.d6 Rxe1 40.Rxe1 Rd8 41.Rd1 a4 42.Rd5 f4 43.g4 Nf8
44.Rxc5 Rxd6 45.Rc8 Rd7 46.Bb4 Rf7 47.Kf3 Kg7 48.Bxf8+ Rxf8 49.Rc4 Ra8 50.a3 Kg6
51.Kxf4 Ra7 52.Ke5 Re7+ 53.Kd6 Re3 54.Rxa4 Kg5 55.Kc5 Rf3 56.Kb5 Rd3 57.Ra8 Kxg4
58.a4 Kf5 59.Re8 Rb3+ 60.Ka6 Kf6 61.a5 Rb2 62.Ka7 Kf7 63.Re1 Rb3 64.a6 Rb2
65.Ka8 Rb3 66.a7 Rb2 67.Re3 Rb1 68.Rc3 Ke7 69.Rc8 Kd6 70.Rb8 Ra1 71.Kb7 Rb1+
72.Kc8 Rc1+ 73.Kd8 Rh1 74.Rb6+ Kc5 75.Rc6+ Kd5 76.Ra6  1-0

[Event "CZE-chT1c 9495"]
[Site "?"]
[Date "1995.??.??"]
[Round "7"]
[White "Plinta, Emil"]
[Black "Petrzelka, Josef"]
[Result "0-1"]
[WhiteElo "2285"]
[BlackElo "2185"]

1.d4 Nf6 2.Nf3 g6 3.c4 Bg7 4.g3 O-O 5.Bg2 d6 6.Nc3 c6 7.O-O Qa5 8.Qc2 e5
9.Rd1 Re8 10.dxe5 dxe5 11.a3 Be6 12.b4 Qc7 13.c5 Nbd7 14.Ng5 Bf5 15.e4 Be6
16.Nxe6 Rxe6 17.f3 Nf8 18.Be3 Ree8 19.Bh3 Red8 20.Rxd8 Rxd8 21.Rd1 Ne8 22.Rd3 Qe7
23.Qd2 Rxd3 24.Qxd3 Bf6 25.Kg2 Ne6 26.Ne2 N8c7 27.f4 Nb5 28.Bxe6 Qxe6 29.a4 Nc7
30.b5 Qa2 31.bxc6 bxc6 32.Kf3 Qa1 33.Kg2 Qxa4 34.fxe5 Bxe5 35.Bh6 Ne6 36.Kh3 Bg7
37.Be3 Bf8 38.Nf4 Qxe4 39.Qc3 Ng5+ 40.Kh4 Qf5 41.g4 Qe4 42.Bc1 Qe7 43.Nxg6 Ne4+  0-1

[Event "CZE-chT2"]
[Site "?"]
[Date "1995.??.??"]
[Round "?"]
[White "Bretsnajdr, Vladimir"]
[Black "Maskova, Jana"]
[Result "1/2-1/2"]
[WhiteElo "2310"]
[BlackElo "2255"]

1.d4 Nf6 2.Nf3 g6 3.c4 Bg7 4.g3 O-O 5.Bg2 d6 6.O-O c6 7.Nc3 Qa5 8.h3 Be6
9.d5 cxd5 10.Nd4 dxc4 11.Bxb7 Na6 12.Bxa8 Rxa8 13.Nxe6 fxe6 14.e4 Nd7 15.Qe2 Ne5
16.Bd2 Qb6 17.Rab1 Rf8 18.Be3 Nf3+ 19.Kg2 Qc6 20.Bf4 Nd4 21.Qg4 Nc5 22.Be3 Nf3
23.Bf4 Nd4 24.Be3 Nf3 25.Bf4 Ne5 26.Bxe5 Bxe5 27.f3 Rf6 28.Qg5 Nd3 29.Qe3 Qa6
30.Qd2 Qa5 31.f4 Bd4 32.Rfd1 Qh5 33.Ne2 Bb6 34.Rf1 e5 35.Qc2 Kg7 36.g4 Qh4
37.f5 Nf2 38.Ng1 Nxg4 39.hxg4 Qxg4+ 40.Kh1 gxf5 41.Nf3 Rh6+ 42.Nh2 Qxe4+
43.Qxe4 fxe4  1/2-1/2

[Event "Debrecen-ch"]
[Site "Debrecen"]
[Date "1995.??.??"]
[Round "1"]
[White "Lengyel, Ferenc"]
[Black "Binder, Tamas"]
[Result "1-0"]
[WhiteElo "2315"]
[BlackElo "2270"]

1.Nf3 Nf6 2.c4 g6 3.d4 Bg7 4.g3 O-O 5.Bg2 d6 6.O-O c6 7.Nc3 Nbd7 8.e4 Qc7
9.h3 a5 10.Re1 e5 11.Be3 Rd8 12.Rc1 Nf8 13.Qd2 Bd7 14.Red1 Be8 15.Qc2 b5
16.cxb5 cxb5 17.Qb3 Qe7 18.Bg5 Qe6 19.Nd5 N8d7 20.dxe5 dxe5 21.Qxb5 Rdb8
22.Qe2 Nxd5 23.exd5 Qb6 24.Rc2 Rc8 25.Rdc1 Rxc2 26.Rxc2 Rb8 27.Be3 Qd6 28.Nd2 Bf8
29.Ne4 Qb4 30.g4 f6 31.b3 a4 32.Rc4 Qb5 33.Nc3  1-0

[Event "Debrecen-ch"]
[Site "Debrecen"]
[Date "1995.??.??"]
[Round "3"]
[White "Lengyel, Ferenc"]
[Black "Boros, Daniel"]
[Result "0-1"]
[WhiteElo "2315"]
[BlackElo "2285"]

1.d4 Nf6 2.Nf3 g6 3.c4 Bg7 4.g3 O-O 5.Bg2 d6 6.Nc3 Nc6 7.O-O a6 8.h3 Na5
9.Qd3 c5 10.e4 cxd4 11.Nxd4 Bd7 12.b3 Rb8 13.Be3 Nc6 14.Rfd1 Nxd4 15.Bxd4 b5
16.cxb5 Bxb5 17.Qe3 Qa5 18.e5 dxe5 19.Bxe5 Rbc8 20.Bb7 Rcd8 21.Rac1 Bd7 22.Bg2 Be6
23.Qe2 Bh6 24.Rb1 Bf5 25.b4 Qb6 26.Rxd8 Rxd8 27.Rd1 Rxd1+ 28.Qxd1 Qxb4 29.Qd8+ Bf8
30.g4 Be6 31.g5 Nd7 32.a3 Qxa3 33.Qc7 Qc1+ 34.Kh2 Qxg5 35.Bg3 Qc5 36.Qxc5 Nxc5
37.Bc6 Bg7 38.Ne2 Bd7  0-1

[Event "DEN-chT9596"]
[Site "DEN"]
[Date "1995.??.??"]
[Round "1"]
[White "Danielsen, Henrik"]
[Black "Borge, Nikolaj"]
[Result "1-0"]
[WhiteElo "2430"]
[BlackElo "2405"]

1.d4 Nf6 2.Nf3 g6 3.c4 Bg7 4.g3 O-O 5.Bg2 d6 6.Nc3 Nbd7 7.O-O e5 8.e4 exd4
9.Nxd4 Re8 10.h3 a6 11.Rb1 Rb8 12.Re1 c5 13.Nc2 b5 14.cxb5 axb5 15.Qxd6 b4
16.Nd5 Nxd5 17.Qxd5 Qa5 18.Bf4 Ne5 19.a3 Be6 20.axb4 Qa4 21.b3 Qa2 22.Qd2 Bxb3
23.Rec1 Rbd8 24.Qe2 Bc4 25.Qe3 Nd3 26.bxc5 Nxc1 27.Rxc1 Bb2 28.Nb4 Bxc1 29.Qxc1 Qe2
30.Nd5 Rxe4 31.Nf6+ Kg7 32.Bh6+ Kh8 33.Kh2 Red4 34.Be3 Rd3 35.Bd4 Rd2 36.Bc3 R8d3
37.Ne4+ Rxc3 38.Qxc3+ Kg8 39.Nxd2  1-0

[Event "DEN-chT9596"]
[Site "DEN"]
[Date "1995.??.??"]
[Round "3"]
[White "Danielsen, Henrik"]
[Black "Berg, Klaus"]
[Result "1-0"]
[WhiteElo "2430"]
[BlackElo "2420"]

1.d4 Nf6 2.Nf3 g6 3.c4 Bg7 4.g3 O-O 5.Bg2 d6 6.Nc3 c6 7.O-O Qa5 8.e4 Bg4
9.h3 Bxf3 10.Qxf3 e5 11.dxe5 dxe5 12.a3 Nbd7 13.b4 Qc7 14.Rd1 Rfd8 15.Bg5 a5
16.c5 axb4 17.axb4 Rxa1 18.Rxa1 b6 19.Bf1 bxc5 20.bxc5 h6 21.Be3 Bf8 22.Bc4 Kg7
23.Rd1 Be7 24.Na4 Qa5 25.Bb3 Qb4 26.Bd2 Qb5 27.Qe3 Ng8 28.Bc3 Ngf6 29.Bd2 Ng8
30.Bc1 Bg5 31.Qf3 Ngf6 32.Bxg5 hxg5 33.Rd6 Qb4 34.Nb6 Qe1+ 35.Kg2 g4 36.hxg4  1-0

[Event "Dresden (Women)"]
[Site "Dresden"]
[Date "1995.??.??"]
[Round "?"]
[White "Baginskaite, Kamile"]
[Black "Voiska, Margarita"]
[Result "1/2-1/2"]
[WhiteElo "2240"]
[BlackElo "2370"]

1.d4 Nf6 2.c4 g6 3.g3 Bg7 4.Bg2 d6 5.Nf3 O-O 6.Nc3 c6 7.O-O Qa5 8.e4 Bg4
9.h3 Bxf3 10.Bxf3 e5 11.d5 cxd5 12.cxd5 Nbd7 13.Bd2 Rfc8 14.Qe2 a6 15.Rfc1 h5
16.Rc2 Kh7 17.g4 b5 18.Rcc1 hxg4 19.hxg4 Kg8 20.Kg2 Nh7 21.Rh1 Qd8 22.Rh2 Nhf8
23.Rah1 Bf6 24.Bh6 Bg5 25.Bxf8 Nxf8 26.Rh8+ Kg7 27.Qd3 Qc7 28.Bd1 Nd7 29.R1h7+ Kf6
30.Qf3+ Bf4 31.g5+ Ke7 32.Rxc8 Qxc8 33.Ne2 Qg8 34.Qh3 Nf8 35.Rh8 Qg7 36.Nxf4 exf4
37.b3 f3+ 38.Bxf3 Ne6 39.Qxe6+ fxe6 40.Rxa8 Qe5 41.Ra7+ Kd8 42.dxe6 Qxe6
43.Rxa6 Qe5 44.Ra5 Qxg5+ 45.Kf1 Qd2 46.Kg2 b4 47.Rb5 Qc3 48.Be2 Qc2 49.Kf3 Qc3+  1/2-1/2

[Event "Dresden U20"]
[Site "Dresden"]
[Date "1995.??.??"]
[Round "?"]
[White "Bunzmann, Dimitrij"]
[Black "Dworakowski, Lukasz"]
[Result "1/2-1/2"]
[WhiteElo "2185"]
[BlackElo "2375"]

1.d4 Nf6 2.Nf3 g6 3.c4 Bg7 4.g3 O-O 5.Bg2 d6 6.O-O Nbd7 7.Nc3 e5 8.e4 c6
9.h3 Re8 10.Re1 exd4 11.Nxd4 a5 12.Bf4 Ne5 13.b3 Nfd7 14.Qd2 Nc5 15.Red1 a4
16.Rab1 axb3 17.axb3 Qe7 18.Kh2 Bd7 19.Be3 f6 20.Nc2 f5 21.Qxd6 Nxe4 22.Nxe4 fxe4
23.Qxe7 Rxe7 24.Bc5 Ree8 25.Bxe4 Bg4 26.Bxc6 Bxd1 27.Bd5+ Kh8 28.Rxd1 Nc6
29.Ne1 Ra2 30.b4 Bf8 31.Nd3 Bxc5 32.bxc5 Ree2 33.Kg1 Red2 34.Rxd2 Rxd2 35.Nf4 Kg7
36.Ne6+ Kf6 37.Nf8 h6 38.Nd7+ Kg7 39.Nb6 Nd8 40.Nc8 Rb2 41.Ne7 Re2 42.Nc8 Kf6
43.Na7 Rc2 44.Nb5 g5 45.Nd6 Rb2 46.f4 gxf4 47.gxf4 h5 48.Kf1 Ke7 49.Ke1 Ne6
50.Nxb7 Nxf4 51.c6 Nxh3 52.Nc5 Kd8 53.Ne6+ Kc8 54.c5 Rb4 55.Bf3 h4 56.Kd2 Nf4
57.Kc3 Ra4 58.Kb3 Nxe6 59.Kxa4 Kc7 60.Kb4 h3  1/2-1/2

[Event "Dublin"]
[Site "Dublin"]
[Date "1995.??.??"]
[Round "1"]
[White "Baburin, Alexander"]
[Black "Daly, Colm"]
[Result "1-0"]
[WhiteElo "2490"]
[BlackElo "2210"]

1.d4 Nf6 2.c4 g6 3.Nf3 Bg7 4.g3 d6 5.Bg2 O-O 6.O-O c6 7.Nc3 Bf5 8.b3 Ne4
9.Bb2 Nxc3 10.Bxc3 Be4 11.e3 Nd7 12.Bh3 Bxf3 13.Qxf3 e6 14.e4 c5 15.Rad1 Qe7
16.Qe3 Nb8 17.e5 cxd4 18.Bxd4 Bxe5 19.Bxe5 dxe5 20.Qxe5 Nc6 21.Qe3 Rad8 22.Bg2 Qa3
23.Bxc6 bxc6 24.Rd2 Rxd2 25.Qxd2 a5 26.Rd1 c5 27.h4 Qb4 28.Qe3 h5 29.Rd7 a4
30.g4 axb3 31.axb3 hxg4 32.h5 Qa3 33.hxg6 Qa1+ 34.Kg2 Qf6 35.gxf7+ Rxf7 36.Rxf7 Kxf7
37.Kg3 Qf5 38.Qf4 Ke7 39.Qxg4 Qe5+ 40.Qf4 Qc3+ 41.Qe3 Qg7+ 42.Kf3 Qf6+ 43.Qf4 Qc3+
44.Kg4 Kd7 45.Qf7+ Kd6 46.Qf8+ Kd7 47.Qxc5 Qg7+ 48.Kf3 Qf6+ 49.Ke4 Qg6+ 50.Ke3 Qc2
51.Qd4+ Ke7 52.Qd3 Qc1+ 53.Kf3 Qh1+ 54.Ke2 Qh5+ 55.Kd2 Qa5+ 56.Qc3 Qg5+ 57.Qe3 Qa5+
58.Kc2 Qa1 59.c5 Qa2+ 60.Kc3 Qa5+ 61.Kb2 Qb4 62.c6 Kd6 63.Qd3+  1-0

[Event "Dublin"]
[Site "Dublin"]
[Date "1995.??.??"]
[Round "3"]
[White "Baburin, Alexander"]
[Black "Littlewood, John Eric"]
[Result "1-0"]
[WhiteElo "2490"]
[BlackElo "2310"]

1.d4 Nf6 2.c4 g6 3.Nf3 Bg7 4.g3 O-O 5.Bg2 d6 6.O-O Nbd7 7.Nc3 e5 8.e4 c6
9.b3 Re8 10.h3 exd4 11.Nxd4 Nc5 12.Re1 Bd7 13.Bf4 Qb6 14.Bxd6 Nfxe4 15.Bxe4 Nxe4
16.Rxe4 Rxe4 17.Nxe4 Qxd4 18.Qxd4 Bxd4 19.Rd1 Bg7 20.Bb8 Rxb8 21.Rxd7 a5
22.Nd6 b5 23.cxb5 cxb5 24.Nxf7 Re8 25.Kf1 a4 26.Nd6 Rb8 27.Ke2 Bf8 28.Kd3 axb3
29.axb3 Rb6 30.Ne4 Bg7 31.h4 Rb8 32.Nd6 b4 33.Kc4 h5 34.f4 Bf8 35.Kd5 Ra8
36.Ne4 Ra5+ 37.Kc4 Ra6 38.Rc7 Re6 39.Kd5 Ra6 40.Rc6 Ra5+ 41.Kc4 Kh7 42.Ng5+ Kh6
43.Ne6 Be7 44.Rc7 Bf6 45.Kxb4 Rd5 46.Rf7 Bb2 47.Kc4 Rd6 48.Ng5 Bg7 49.b4 Rd4+
50.Kc5 Rd3 51.b5 Rb3 52.b6 Bd4+ 53.Kc4  1-0